Central Library || Chittagong University

Lippincott illustrated reviews : (Record no. 112901)

MARC details
000 -LEADER
fixed length control field 00545nam a22002057a 4500
003 - CONTROL NUMBER IDENTIFIER
control field BD-ChCU
005 - DATE AND TIME OF LATEST TRANSACTION
control field 20260512113221.0
008 - FIXED-LENGTH DATA ELEMENTS--GENERAL INFORMATION
fixed length control field 260512b ii ||||| |||| 00| 0 eng d
020 ## - INTERNATIONAL STANDARD BOOK NUMBER
International Standard Book Number 9788197055973
040 ## - CATALOGING SOURCE
Transcribing agency BD-ChCU
082 ## - DEWEY DECIMAL CLASSIFICATION NUMBER
Edition number 23
Classification number 572 L765
245 ## - TITLE STATEMENT
Title Lippincott illustrated reviews :
Statement of responsibility, etc. Edited by Ritu Singh.
250 ## - EDITION STATEMENT
Edition statement 2ed.
260 ## - PUBLICATION, DISTRIBUTION, ETC.
Place of publication, distribution, etc. New Delhi :
Name of publisher, distributor, etc. Wolters Kluwer,
Date of publication, distribution, etc. 2024
300 ## - PHYSICAL DESCRIPTION
Extent 854 P. :
504 ## - BIBLIOGRAPHY, ETC. NOTE
Bibliography, etc. note Includes.
650 #0 - SUBJECT ADDED ENTRY--TOPICAL TERM
Topical term or geographic name entry element Biochemistry.
9 (RLIN) 22830
700 ## - ADDED ENTRY--PERSONAL NAME
Personal name Singh, Ritu.
Relator term Editor
9 (RLIN) 22831
942 ## - ADDED ENTRY ELEMENTS (KOHA)
Source of classification or shelving scheme Dewey Decimal Classification
Koha item type Books
Suppress in OPAC No
Holdings
Withdrawn status Lost status Source of classification or shelving scheme Damaged status Not for loan Home library Current library Shelving location Date acquired Source of acquisition Total Checkouts Full call number Barcode Date last seen Copy number Price effective from Koha item type
    Dewey Decimal Classification     Chittagong University Library Chittagong University Library Science Reading Room 05/12/2026 purchase   572 L765 343495 05/12/2026 C-1 05/12/2026 Books
    Dewey Decimal Classification     Chittagong University Library Chittagong University Library Science Reading Room 05/12/2026 purchase   572 L765 343496 05/12/2026 C-2 05/12/2026 Books
    Dewey Decimal Classification     Chittagong University Library Chittagong University Library Science Reading Room 05/12/2026 purchase   572 L765 343497 05/12/2026 C-3 05/12/2026 Books
    Dewey Decimal Classification     Chittagong University Library Chittagong University Library Science Reading Room 05/12/2026 purchase   572 L765 343498 05/12/2026 C-4 05/12/2026 Books
© Copyright 2026. Chittagong University Library, Installation and Maintenance by Prof. Dr. Md. Alamgir, 01711306253